| 000 | 00000nas 2200000za 4500 |
| 001 | 9.502765 |
| 003 | CaOODSP |
| 005 | 20230912115914 |
| 007 | cr ||||||||||| |
| 008 | 150406d19992008xxc|| p o||||f| |0fre|d |
| 022 | |a1700-5922 |
| 040 | |aCaOODSP|bfre |
| 043 | |an-cn--- |
| 086 | 1 |aNH12-264F-PDF |
| 245 | 00|aCompendium de recherche. |
| 264 | 1|aOttawa, Ontario : |bSociété canadienne d'hypothèques et de logement |
| 310 | |aBiennal |
| 362 | 1 |aParaît depuis [1998/1999]; ne paraît plus après 2007 et 2008. |
| 710 | 2 |aSociété canadienne d'hypothèques et de logement, |eorganisme de publication. |
| 775 | 08|tCompendium of research |w(CaOODSP)9.500559 |
| 775 | 08|tCompendium of research |w(CaOODSP)9.506369 |
| 775 | 08|tCompendium de recherche |w(CaOODSP)9.500560 |